Top Moneymaking US Magazines Quiz Stats

Quiz Updated Oct 14, 2016

Also try: Name the Magazines
Challenge
Share
Tweet
HINT: Weeklies have more issues than monthlies.
Score 0/100 Timer 12:00
1 Play Today
Rank Magazine % Correct
4Time-The Weekly Newsmagazine
88.2%
1People
77.6%
2Us Weekly
71.3%
3Sports Illustrated
69.3%
46Playboy
63.1%
13Cosmopolitan
58%
25Newsweek
55.2%
21O, The Oprah Magazine
51.3%
55Vogue
48.9%
6National Geographic
48.1%
44ESPN The Magazine
45.5%
7Reader's Digest
44.2%
76GQ - Gentlemen's Quarterly
38.6%
93New York
37.6%
54Seventeen
36.1%
26Maxim
36.1%
33Rolling Stone
35.5%
10TV Guide Magazine
33.6%
23New Yorker
33.1%
17Good Housekeeping
32.4%
41Men's Health
32.1%
9National Enquirer
30.9%
87Elle
30.4%
8Star Magazine
30.3%
5Better Homes And Gardens
30%
15Entertainment Weekly
27.3%
42Forbes
24.4%
43Glamour
23.1%
56Redbook
22.4%
48U.S. News & World Report
21.6%
31Martha Stewart Living
20.7%
53Vanity Fair
20%
12The Economist
19.9%
62Women's Health
18.6%
Rank Magazine % Correct
78Golf Magazine
17.2%
69Popular Mechanics
15.8%
89Marie Claire
15.7%
16Southern Living
14.7%
85Ebony
13.8%
18Ok! Weekly
13.6%
77Money
13.5%
61The Week
12.7%
38In Style
12.7%
74Popular Science
12.2%
20*AARP The Magazine
12.2%
27*AARP Bulletin
12%
40Bloomberg Businessweek
11.4%
81Fitness
11.3%
97Wired
11.1%
90Field & Stream
11%
34Ladies' Home Journal
10.8%
22Family Circle
10.8%
94Health
10.2%
47Shape
10.1%
29Woman's Day
10.1%
84Fortune
10%
14In Touch Weekly
9.5%
99Country
8.8%
52Cooking Light
8.8%
50Food Network Magazine
8.7%
28Real Simple
8.7%
49Golf Digest
8.7%
65Self
8.5%
73Parenting
8.4%
57Soap Opera Digest
8.4%
24Smithsonian
7.9%
67Parents
7.9%
91Boys' Life
7.3%
Rank Magazine % Correct
60Bon Appetit
7.2%
71Jet
7%
63Food & Wine
6.8%
51Every Day With Rachael Ray
6.8%
39Globe
6.8%
32Prevention
6.7%
64Architectural Digest
6.5%
30Life & Style Weekly
6.2%
100Motor Trend
6%
59Country Living
5.9%
19*Game Informer Magazine
5.3%
36*AAA Living
4.9%
11Woman's World
4.5%
58Travel + Leisure
4.5%
35Taste Of Home
4.3%
70Sunset
3.9%
86Essence
3.7%
95Weight Watchers
3.5%
80More
3.4%
96House Beautiful
3.2%
88Disney's FamilyFun
2.7%
45First for Women
2.4%
37Barron's
2.4%
66Guideposts
2.3%
72All*You
2.1%
68Birds & Blooms
1.6%
83*American Rifleman
1.5%
75Harvard Business Review
1.4%
79People Stylewatch
1.4%
82Family Handyman
1.3%
92Traditional Home
1.1%
98Reminisce
1%

You're not logged in!

Compare scores with friends on all Sporcle quizzes.
Sign Up with Email
OR
Log In

You Might Also Like...

Show Comments

Extras

Top Quizzes Today


Score Distribution

Your Account Isn't Verified!

In order to create a playlist on Sporcle, you need to verify the email address you used during registration. Go to your Sporcle Settings to finish the process.